000 00357nam a22001577a 4500
005 20160916100228.0
008 160916b xxu||||| |||| 00| 0 eng d
020 _a978-81-219-2822-2
041 _aeng
100 _aKhurmi,R.S
_93557
245 _aStrength Of Materials
260 _bS.Chand
300 _a916
650 _aEngineering
_93558
942 _cBK
999 _c5245
_d5243